[Event "South America-ch U18 17th"]
[Site "Guayaquil"]
[Date "2022.01.30"]
[Round "9"]
[White "Sanchez Arteaga, Alejandro Mathias"]
[Black "Viscaino Yanez, Jhonny Cesar"]
[Result "0-1"]
[WhiteElo "1746"]
[BlackElo "1875"]
[PlyCount "114"]
[EventDate "2022.01.25"]
[EventType "swiss"]
[EventRounds "9"]
[EventCountry "ECU"]
[SourceTitle "CBM 206 Extra"]
[Source "ChessBase"]
[SourceDate "2022.03.31"]
[SourceVersion "1"]
[SourceVersionDate "2022.03.31"]
[SourceQuality "1"]

1. e4 e6 2. d3 d5 3. Nd2 Nf6 4. Ngf3 Nc6 5. g3 dxe4 6. dxe4 Bc5 7. Bg2 0-0 8. 0-0 e5 9. c3 a5 10. Qc2 Qe7 11. Nc4 b6 12. Ne3 Bxe3 13. Bxe3 Ng4 14. Bg5 Qe6 15. Nh4 h6 16. Bc1 Qe7 17. Nf5 Qe8 18. b3 Kh8 19. Qe2 Bxf5 20. exf5 Nf6 21. Qc4 e4 22. Bf4 Rc8 23. Rfe1 Ne5 24. Qd4 Nd3 25. Re2 Nxf4 26. gxf4 Qb5 27. Re3 Rcd8 28. Qe5 Rd5 29. Qxc7 Rxf5 30. Bxe4 Nxe4 31. Rxe4 g5 32. Qd6 Kg7 33. Re5 Rxe5 34. fxe5 Qe2 35. Qf6+ Kg8 36. Qxb6 Qxe5 37. Qe3 Qb5 38. Rd1 Re8 39. Qd3 Qc6 40. f3 Qf6 41. Kf2 Qf4 42. Kg2 Re3 43. Qf1 Rxc3 44. Rd8+ Kg7 45. Qf2 g4 46. Qd4+ Qxd4 47. Rxd4 gxf3+ 48. Kg3 f2+ 49. Kxf2 Rc2+ 50. Kg3 Rxa2 51. Rd3 Rb2 52. h4 Kf6 53. Rf3+ Ke5 54. Kg4 Rg2+ 55. Kh5 f5 56. Kxh6 f4 57. b4 Rg3 0-1

[Event "Pan American-ch U16"]
[Site "Guayaquil"]
[Date "2019.07.23"]
[Round "4"]
[White "Castellanos Villela, Alejandro"]
[Black "Sanchez Arteaga, Alejandro Mathias"]
[Result "0-1"]
[WhiteElo "1985"]
[BlackElo "1759"]
[PlyCount "104"]
[EventDate "2019.07.21"]
[EventType "swiss"]
[EventRounds "9"]
[EventCountry "ECU"]
[SourceTitle "EXT 2020"]
[Source "ChessBase"]
[SourceDate "2019.10.17"]
[SourceVersion "1"]
[SourceVersionDate "2019.10.17"]
[SourceQuality "1"]

1. e4 c5 2. Nf3 Nc6 3. d4 cxd4 4. Nxd4 Nf6 5. Nc3 e5 6. Ndb5 d6 7. Bg5 a6 8. Na3 b5 9. Nd5 Be7 10. Bxf6 Bxf6 11. c3 0-0 12. Nc2 Rb8 13. h4 Be7 14. Nce3 Be6 15. Bd3 Qd7 16. Nf5 Kh8 17. h5 h6 18. g3 Rfe8 19. Kf1 Bxf5 20. exf5 Bg5 21. Be4 b4 22. f6 bxc3 23. bxc3 Rb2 24. Qf3 Na5 25. Kg2 Nc4 26. fxg7+ Kxg7 27. Rhd1 Nd2 28. Qf5 Qxf5 29. Bxf5 e4 30. g4 e3 31. fxe3 Nb3+ 32. Kf3 Nxa1 33. Rxa1 Bh4 34. e4 Rf2+ 35. Ke3 Rg2 36. a4 Rb8 37. Kd3 Bf6 38. Kc4 Rbb2 39. Ra3 a5 40. Rb3 Ra2 41. Kb5 Bd8 42. Kc6 Rxa4 43. Kd7 Bh4 44. Ke8 Rxg4 45. Bxg4 Rxe4+ 46. Kd7 Rxg4 47. Kxd6 a4 48. Rb7 Bf2 49. Rb5 Rc4 50. Rb7 Bc5+ 51. Ke5 Rg4 52. Rb5 Rc4 0-1

[Event "Pan American-ch U16"]
[Site "Guayaquil"]
[Date "2019.07.22"]
[Round "2"]
[White "Soriano Quispe, Ivan Excender"]
[Black "Sanchez Arteaga, Alejandro Mathias"]
[Result "1-0"]
[WhiteElo "2042"]
[BlackElo "1759"]
[PlyCount "91"]
[EventDate "2019.07.21"]
[EventType "swiss"]
[EventRounds "9"]
[EventCountry "ECU"]
[SourceTitle "EXT 2020"]
[Source "ChessBase"]
[SourceDate "2019.10.17"]
[SourceVersion "1"]
[SourceVersionDate "2019.10.17"]
[SourceQuality "1"]

1. e4 c5 2. Nc3 Nc6 3. g3 g6 4. Bg2 Bg7 5. d3 e6 6. Be3 d6 7. Qd2 Nf6 8. h3 a6 9. f4 Nd7 10. g4 b5 11. Nf3 Nd4 12. Bxd4 cxd4 13. Ne2 Qb6 14. 0-0 Bb7 15. Kh1 h5 16. g5 e5 17. f5 gxf5 18. exf5 0-0-0 19. f6 Nxf6 20. gxf6 Bh6 21. Qe1 h4 22. c3 Be3 23. cxd4 exd4 24. Nh2 Bxg2+ 25. Kxg2 Qb7+ 26. Rf3 Rdg8+ 27. Ng4 Rxg4+ 28. hxg4 h3+ 29. Kg3 Bg5 30. Qh1 d5 31. Nf4 Bh4+ 32. Kxh3 Qd7 33. Kg2 Bxf6 34. Qc1+ Kd8 35. Rg3 Bh4 36. Qc5 Bxg3 37. Kxg3 Rg8 38. Qb6+ Ke7 39. Re1+ Kf8 40. Qc5+ Kg7 41. Qxd4+ Kf8 42. Qc5+ Kg7 43. Nh5+ Kh6 44. Qe3+ Rg5 45. Qd4 f5 46. Qh8+ 1-0

[Event "PER-ch U12"]
[Site "Lima"]
[Date "2016.02.06"]
[Round "7.4"]
[White "Rojas, Steven"]
[Black "Sanchez Arteaga, Alejandro Mathias"]
[Result "1-0"]
[WhiteElo "1866"]
[BlackElo "1585"]
[PlyCount "75"]
[EventDate "2016.02.02"]
[EventType "swiss"]
[EventRounds "9"]
[EventCountry "PER"]
[SourceTitle "EXT 2024"]
[Source "ChessBase"]
[SourceDate "2023.10.10"]
[SourceVersion "1"]
[SourceVersionDate "2023.10.10"]
[SourceQuality "1"]

1. e4 d6 2. d4 Nf6 3. Nc3 g6 4. f4 Bg7 5. Nf3 0-0 6. h3 Nbd7 7. Be3 b6 8. Bd3 c5 9. Qd2 cxd4 10. Bxd4 Nc5 11. 0-0-0 Bb7 12. Rde1 d5 13. e5 Nxd3+ 14. cxd3 Nd7 15. e6 Bxd4 16. Nxd4 Nc5 17. f5 Qd6 18. h4 Qg3 19. Re3 Qf4 20. Nce2 Qh6 21. g4 f6 22. g5 Qg7 23. h5 Rfc8 24. Kb1 Ba6 25. hxg6 Bxd3+ 26. Rxd3 Nxd3 27. Rxh7 Qxh7 28. gxh7+ Kxh7 29. Qxd3 Kg7 30. gxf6+ Kxf6 31. Nf3 Rc5 32. Qd4+ Kxf5 33. Qe5+ Kg6 34. Nh4+ Kh6 35. Qf4+ Kg7 36. Qg5+ Kf8 37. Qg6 a5 38. Qf7# 1-0